Pulse (Record no. 109489)

MARC details
000 -LEADER
fixed length control field 01017cad a22002295a 4500
001 - CONTROL NUMBER
control field E147238
008 - FIXED-LENGTH DATA ELEMENTS--GENERAL INFORMATION
fixed length control field 090417s2009 xxk f 000 0 eng d
035 ## - SYSTEM CONTROL NUMBER
System control number (Sirsi) u147238
041 0# - LANGUAGE CODE
Language code of text/sound track or separate title eng
050 04 - LIBRARY OF CONGRESS CALL NUMBER
Classification number 333.33 $2 18
110 2# - MAIN ENTRY--CORPORATE NAME
Corporate name or jurisdiction name as entry element Jones Lang LaSalle
9 (RLIN) 3755
245 00 - TITLE STATEMENT
Title Pulse
Remainder of title property market monitor China, March 2009
Medium [electronic resource]
260 ## - PUBLICATION, DISTRIBUTION, ETC.
Place of publication, distribution, etc. [S.l.]
Name of publisher, distributor, etc. Jones Lang LaSalle
Date of publication, distribution, etc. 2009
490 #0 - SERIES STATEMENT
Series statement JLL China Property Market Monitor
Volume/sequential designation March 2009
520 ## - SUMMARY, ETC.
Summary, etc. Figures released by the National Bureau of Statistics indicate that the drop in China's property prices speeded up in February, with prices falling by 1.2% year-on-year in the 70 major cities. The largest cities, Beijing, Shanhai and Guangzhou, saw falls of 0.7%, 2.4% and 4.4% respectively.
521 ## - TARGET AUDIENCE NOTE
Target audience note Advanced
590 ## - LOCAL NOTE (RLIN)
Local note KA
651 #4 - SUBJECT ADDED ENTRY--GEOGRAPHIC NAME
Geographic name China
690 ## - LOCAL SUBJECT ADDED ENTRY--TOPICAL TERM (OCLC, RLIN)
Topical term or geographic name as entry element PROPERTY-PROPERTY MARKET
856 40 - ELECTRONIC LOCATION AND ACCESS
Uniform Resource Identifier <a href="https://www.joneslanglasalle.com.cn">https://www.joneslanglasalle.com.cn</a>
Public note View the report free of charge under research at www.joneslanglasalle.com.cn...
942 ## - ADDED ENTRY ELEMENTS (KOHA)
Suppress in OPAC 0
Holdings
Withdrawn status Lost status Source of classification or shelving scheme Damaged status Not for loan Home library Current library Shelving location Date acquired Total Checkouts Full call number Barcode Date last seen Copy number Price effective from Koha item type
    Dewey Decimal Classification     Virtual Virtual Online 17/04/2009   ONLINE PUBLICATION 147238-2001 06/08/2019 1 06/08/2019 Book